[Event "C.to Regionale Piemonte"]
[Site "Torino ITA"]
[Date "2005.04.??"]
[Round "6"]
[White "Torrione, William"]
[Black "Stroppa, Daniel"]
[Result "0-1"]
[WhiteElo "1705"]
[BlackElo "2239"]
[PlyCount "90"]
[EventDate "2005.04.21"]

1. d4 d6 2. Nf3 Bg4 3. e3 Nd7 4. Be2 e5 5. Nbd2 c6 6. c4 Ngf6 7. e4 Qc7 8. O-O
Bxf3 9. Nxf3 Nxe4 10. Be3 Be7 11. dxe5 dxe5 12. Bd3 Nef6 13. Bf5 O-O 14. Bg5
Rfe8 15. Re1 Bd6 16. Nd2 g6 17. Bxd7 Nxd7 18. Ne4 Be7 19. Bxe7 Rxe7 20. Qd6
Qxd6 21. Nxd6 Nc5 22. Ne4 Nxe4 23. Rxe4 f5 24. Re2 Rd8 25. f3 Kf7 26. Rae1 Kf6
27. Kf2 Rd4 28. b3 Rd3 29. Re3 Rxe3 30. Kxe3 Rd7 31. Re2 Rd1 32. Kf2 Rd3 33.
Ke1 g5 34. h3 Rd4 35. Re3 h5 36. Re2 e4 37. Kf2 Ke5 38. fxe4 fxe4 39. g3 Rd3
40. Kg2 e3 41. Kf3 Kd4 42. Rc2 Rd2 43. Rxd2+ exd2 44. Ke2 d1=Q+ 45. Kxd1 Ke3
0-1

[Event "C.to Regionale Piemonte"]
[Site "Torino ITA"]
[Date "2005.04.??"]
[Round "7"]
[White "Astengo, Marcello"]
[Black "Catana, Costel"]
[Result "0-1"]
[WhiteElo "2120"]
[BlackElo "2073"]
[PlyCount "54"]
[EventDate "2005.04.21"]

1. d4 d5 2. c4 e6 3. Nc3 Nf6 4. Bg5 Be7 5. e3 h6 6. Bf4 c6 7. cxd5 exd5 8. Bd3
Bd6 9. Be5 Bxe5 10. dxe5 Ng4 11. Nf3 Qe7 12. O-O O-O 13. e4 dxe4 14. Bxe4 Nxe5
15. Re1 Nxf3+ 16. Qxf3 Qb4 17. Re2 Nd7 18. Qf4 Qc5 19. Rc1 Nf6 20. Bb1 Qg5 21.
Qxg5 hxg5 22. Re5 g4 23. Re7 Re8 24. Rc7 Rb8 25. Bd3 Be6 26. b3 Rbd8 27. Re1
Bxb3 0-1

[Event "C.to Regionale Piemonte"]
[Site "Torino ITA"]
[Date "2005.04.??"]
[Round "7"]
[White "Llupa, Oltjon"]
[Black "Sorcinelli, Francesco"]
[Result "0-1"]
[WhiteElo "2000"]
[BlackElo "2088"]
[PlyCount "72"]
[EventDate "2005.04.21"]

1. d4 Nf6 2. c4 c5 3. Nf3 g6 4. Nc3 Bg7 5. e3 O-O 6. Bd2 cxd4 7. exd4 d5 8. Qb3
dxc4 9. Bxc4 Nc6 10. Ne2 Na5 11. Bxa5 Qxa5+ 12. Nc3 Ne4 13. O-O Nxc3 14. bxc3
a6 15. Rae1 e6 16. a4 Bd7 17. Qxb7 Qxa4 18. Bb3 Qc6 19. Qb4 Rfb8 20. Qc4 Qxc4
21. Bxc4 Rc8 22. Nd2 a5 23. f4 a4 24. Ra1 Ra7 25. Rfb1 Bf8 26. Kf2 Bd6 27. g3
a3 28. Ke2 Kg7 29. Rb3 Ra4 30. Bd3 a2 31. c4 Bb4 32. Kd1 Rb8 33. Kc2 Raa8 34.
Rb2 Ra3 35. Raxa2 Rc3+ 36. Kb1 Rxd3 0-1

[Event "C.to Regionale Piemonte"]
[Site "Torino ITA"]
[Date "2005.04.??"]
[Round "7"]
[White "Pulito, Alberto"]
[Black "Nardelli, Marco"]
[Result "1/2-1/2"]
[WhiteElo "2202"]
[BlackElo "2066"]
[PlyCount "21"]
[EventDate "2005.04.21"]

1. e4 d6 2. d4 Nf6 3. Nc3 g6 4. Be3 c6 5. Qd2 b5 6. f3 Qa5 7. g4 Nbd7 8. Nge2
Nb6 9. Ng3 Bg7 10. h4 h5 11. Bd3 1/2-1/2

[Event "C.to Regionale Piemonte"]
[Site "Torino ITA"]
[Date "2005.04.??"]
[Round "7"]
[White "Racioppo, Paolo"]
[Black "Faraoni, Enrico"]
[Result "1/2-1/2"]
[WhiteElo "2199"]
[BlackElo "2151"]
[PlyCount "65"]
[EventDate "2005.04.21"]

1. e4 g6 2. d4 Bg7 3. Nc3 d6 4. Be3 c6 5. h3 Nd7 6. f4 b5 7. Qf3 b4 8. Nd1 Ngf6
9. Bd3 Qa5 10. Ne2 b3+ 11. Bd2 Qxa2 12. Rc1 O-O 13. Nec3 Qa5 14. cxb3 Qb6 15.
e5 Nd5 16. Nxd5 cxd5 17. Bc3 e6 18. h4 Ba6 19. Bc2 dxe5 20. dxe5 d4 21. Bd2 Nc5
22. b4 Nd7 23. h5 Rfc8 24. hxg6 hxg6 25. Nf2 d3 26. Nxd3 Bb7 27. Qf2 Be4 28.
Nc5 Nxc5 29. bxc5 Rxc5 30. Bc3 Qc6 31. O-O Rc8 32. Bxe4 Qxe4 33. Qf3 1/2-1/2

[Event "C.to Regionale Piemonte"]
[Site "Torino ITA"]
[Date "2005.04.??"]
[Round "7"]
[White "Stroppa, Daniel"]
[Black "Castaldo, Folco"]
[Result "1/2-1/2"]
[WhiteElo "2239"]
[BlackElo "2361"]
[PlyCount "75"]
[EventDate "2005.04.21"]

1. d4 e6 2. Nf3 f5 3. d5 Bd6 4. Nc3 Nf6 5. dxe6 dxe6 6. e4 fxe4 7. Ng5 O-O 8.
Bc4 Qe7 9. Ngxe4 Be5 10. Nxf6+ Qxf6 11. Ne4 Qg6 12. Ng3 Bxg3 13. hxg3 Qe4+ 14.
Qe2 Qxg2 15. Rf1 Nc6 16. c3 Kh8 17. Bd3 Qf3 18. Qxf3 Rxf3 19. Be4 Rf7 20. Rh1
h6 21. Bxc6 bxc6 22. Be3 e5 23. O-O-O Be6 24. a3 Bd5 25. Rh4 a6 26. Rd2 a5 27.
Bc5 Kh7 28. Ra4 Bb3 29. Re4 Re8 30. Bd4 Rfe7 31. Rde2 g5 32. Bxe5 Rd7 33. Re1
Red8 34. Rd4 c5 35. Rxd7+ Rxd7 36. f4 Kg6 37. g4 gxf4 38. Bxf4 1/2-1/2

[Event "C.to Regionale Piemonte"]
[Site "Torino ITA"]
[Date "2005.04.??"]
[Round "7"]
[White "Tacchino, Stefano"]
[Black "Ragni, Paolo"]
[Result "0-1"]
[WhiteElo "2097"]
[BlackElo "2105"]
[PlyCount "116"]
[EventDate "2005.04.21"]

1. d4 Nf6 2. Nf3 g6 3. c4 Bg7 4. Nc3 O-O 5. e4 d6 6. h3 e5 7. d5 a5 8. Bg5 h6
9. Be3 Kh7 10. Be2 Nbd7 11. Nd2 b6 12. a3 Ng8 13. g4 Ne7 14. h4 Rh8 15. h5 Kg8
16. Nf1 f5 17. gxf5 gxf5 18. exf5 Nxf5 19. Rg1 Nc5 20. Qc2 Bd7 21. O-O-O Qf8
22. Nb5 Rc8 23. Bxc5 bxc5 24. Bg4 e4 25. Qxe4 Qf6 26. Nc3 Re8 27. Qf4 Kh7 28.
Ne3 Rhf8 29. Bxf5+ Bxf5 30. Qxf5+ Qxf5 31. Nxf5 Rxf5 32. Rde1 Ree5 33. Rxe5
Bxe5 34. Rg2 Rxh5 35. Nb5 Rh2 36. Rxh2 Bxh2 37. b3 Be5 38. Kd2 Kg6 39. Ke2 Kf5
40. Kf3 h5 41. Nxc7 h4 42. Kg2 Ke4 43. Ne6 Kd3 44. f4 Bf6 45. Nc7 Kc2 46. Nb5
Be7 47. b4 axb4 48. a4 Bd8 49. f5 Kd3 50. a5 Bxa5 51. Kh3 Bd8 52. Nxd6 b3 53.
Nb5 b2 54. Na3 Kc3 55. d6 Kb3 56. Nb1 Kxc4 57. Kg4 Kd5 58. d7 Kd6 0-1

[Event "XI Torneo Leonardo di Bona Magistrale"]
[Site "Cutro ITA"]
[Date "2005.04.23"]
[Round "1"]
[White "Bentivegna, Francesco"]
[Black "Drasko, Milan"]
[Result "0-1"]
[WhiteElo "2229"]
[BlackElo "2510"]
[PlyCount "90"]
[EventDate "2005.04.23"]

1. e4 e6 2. d4 d5 3. Nc3 Bb4 4. Nge2 dxe4 5. a3 Bxc3+ 6. Nxc3 Nc6 7. Bb5 Nge7
8. Bg5 f6 9. Be3 O-O 10. Qd2 a6 11. Bxc6 Nxc6 12. O-O-O b6 13. Nxe4 Bb7 14. f3
Qd7 15. Rhe1 Rad8 16. Qe2 Rfe8 17. Kb1 Qf7 18. Rd2 Re7 19. Red1 Red7 20. Bf2
Ne7 21. Nc3 Ng6 22. Bg3 h5 23. h3 h4 24. Bh2 Ne7 25. Qe1 Nf5 26. Bg1 Re7 27.
Bf2 Qh5 28. Re2 Rde8 29. Ne4 a5 30. c4 Ba6 31. Qc3 Qg6 32. Ka1 Rd8 33. Red2
Red7 34. Be1 Bb7 35. b3 Qh6 36. Bf2 Qf4 37. Qc2 c5 38. dxc5 Bxe4 39. Rxd7 Bxc2
40. Rxd8+ Kh7 41. R1d2 Bxb3 42. cxb6 Qxc4 43. Kb2 Ba4 44. Ka1 Qc1+ 45. Ka2 Bc2
0-1

[Event "XI Torneo Leonardo di Bona Magistrale"]
[Site "Cutro ITA"]
[Date "2005.04.23"]
[Round "1"]
[White "Blagojevic, Dragisa"]
[Black "Kasparova, Tatiana"]
[Result "1-0"]
[WhiteElo "2549"]
[BlackElo "2240"]
[PlyCount "87"]
[EventDate "2005.04.23"]

1. d4 Nf6 2. c4 c5 3. d5 b5 4. Nf3 d6 5. cxb5 a6 6. e3 g6 7. Nc3 Bg7 8. a4 O-O
9. e4 Ne8 10. Bg5 f5 11. exf5 Bxf5 12. Be2 axb5 13. axb5 Rxa1 14. Qxa1 Nf6 15.
O-O Nbd7 16. Nh4 Nb6 17. Nxf5 gxf5 18. Qa7 Rf7 19. Qa6 Nfd7 20. Bh5 Rf8 21. Re1
Be5 22. Qa2 Kh8 23. Qb1 Nf6 24. Bf3 Qd7 25. Qd3 Rg8 26. Bxf6+ Bxf6 27. Re6 Qa7
28. Re1 Qd7 29. Bd1 Bd4 30. Bc2 Rf8 31. b4 Rf6 32. Ne2 Nxd5 33. Nxd4 cxd4 34.
Qxd4 Qb7 35. Bb3 Nb6 36. Re6 Kg7 37. Rxf6 exf6 38. Qxd6 Qa7 39. Qg3+ Kh6 40.
Qe3+ Kg7 41. g3 Qa1+ 42. Kg2 Qa8+ 43. Qf3 Qb8 44. Qxf5 1-0

[Event "XI Torneo Leonardo di Bona Magistrale"]
[Site "Cutro ITA"]
[Date "2005.04.23"]
[Round "1"]
[White "Blasco, Domenico"]
[Black "Brancaleoni, Maurizio"]
[Result "0-1"]
[WhiteElo "2004"]
[BlackElo "2296"]
[PlyCount "82"]
[EventDate "2005.04.23"]

1. d4 Nf6 2. Nf3 d5 3. Bf4 c5 4. e3 Nc6 5. c3 Qb6 6. Qb3 c4 7. Qxb6 axb6 8. Be2
Bf5 9. O-O b5 10. Ne5 e6 11. g4 Bg6 12. Nxg6 hxg6 13. Nd2 b4 14. g5 Nh5 15.
Bxh5 Rxh5 16. e4 Kd7 17. exd5 exd5 18. Nf3 Be7 19. Rfe1 f6 20. a3 bxc3 21. bxc3
Na5 22. Nd2 fxg5 23. Bg3 g4 24. a4 Bg5 25. Nf1 Nb3 26. Ra2 b5 27. a5 Ra6 28.
Ne3 Bxe3 29. fxe3 Rxa5 30. Rxa5 Nxa5 31. Ra1 Nb3 32. Ra7+ Ke6 33. Rb7 Kf5 34.
Rxb5 Ke4 35. Kf2 Kd3 36. Be5 Kxc3 37. Rxd5 Kd3 38. Rd8 c3 39. Bf4 g5 40. Rd5 c2
41. e4 gxf4 0-1

[Event "XI Torneo Leonardo di Bona Magistrale"]
[Site "Cutro ITA"]
[Date "2005.04.23"]
[Round "1"]
[White "Bratanov, Zsivko"]
[Black "Hocevar, Nikola"]
[Result "1-0"]
[WhiteElo "2423"]
[BlackElo "2092"]
[PlyCount "95"]
[EventDate "2005.04.23"]

1. d4 d5 2. Nf3 Nf6 3. c4 e6 4. Nc3 Nbd7 5. Bg5 Be7 6. e3 O-O 7. Qc2 Re8 8. Rd1
b6 9. cxd5 exd5 10. Bb5 Bb7 11. Ne5 Rf8 12. Bc6 Nxe5 13. Bxb7 Nc4 14. Bxf6 Bxf6
15. Nxd5 Rb8 16. Qxc4 Rxb7 17. Qc6 Rb8 18. Nxf6+ Qxf6 19. Qxf6 gxf6 20. Rc1 c5
21. dxc5 bxc5 22. b3 a5 23. O-O a4 24. bxa4 Rb2 25. Rxc5 Rxa2 26. g3 Rxa4 27.
Rd1 Rfa8 28. Rdd5 Kg7 29. Kg2 Ra2 30. Rh5 R8a4 31. Rhf5 Ra6 32. Rc4 R2a4 33.
Rd4 Rxd4 34. exd4 Ra1 35. Kf3 Rd1 36. Ke4 Kg6 37. Rf4 h5 38. Kd5 f5 39. Rf3 Rd2
40. Ke5 Re2+ 41. Kd6 Rd2 42. d5 Kf6 43. h4 Ra2 44. Rc3 Rxf2 45. Kc7 f4 46. d6
fxg3 47. d7 Rd2 48. d8=Q+ 1-0

[Event "XI Torneo Leonardo di Bona Magistrale"]
[Site "Cutro ITA"]
[Date "2005.04.23"]
[Round "1"]
[White "Bukal, Vladimir jr"]
[Black "Cordi', Domenico"]
[Result "1-0"]
[WhiteElo "2405"]
[BlackElo "2084"]
[PlyCount "119"]
[EventDate "2005.04.23"]

1. d4 Nf6 2. c4 e6 3. Nf3 c5 4. d5 exd5 5. cxd5 d6 6. Nc3 g6 7. Qa4+ Bd7 8. Qb3
Qb6 9. e4 Na6 10. Bg5 Be7 11. Qc2 O-O 12. Be2 Rfe8 13. O-O Kg7 14. Qc1 Ng8 15.
Bf4 Bg4 16. Bb5 Bxf3 17. Bxe8 Bxg2 18. Kxg2 Rxe8 19. Nd1 Bf6 20. Re1 Nb4 21.
Re3 Qa6 22. Qd2 Bd4 23. Ra3 Qb6 24. Nc3 Nf6 25. Re1 Ng4 26. Re2 Ne5 27. Rb3 Nc4
28. Qd1 Na5 29. Ra3 Nc4 30. Na4 Qb5 31. Rh3 Ne5 32. a3 Nbd3 33. Bh6+ Kg8 34.
Nc3 Nxb2 35. Nxb5 Nxd1 36. Nxd4 cxd4 37. Rd2 Nc3 38. Rxd4 Ng4 39. Rxc3 Nxh6 40.
Rc7 f5 41. Rxb7 fxe4 42. Rxa7 Nf5 43. Rda4 e3 44. Ra8 Rxa8 45. Rxa8+ Kf7 46. f4
Nd4 47. Rc8 Ke7 48. Rc4 Nf5 49. a4 Kd7 50. a5 e2 51. Re4 Kc7 52. Rxe2 Kb7 53.
Re8 Ka6 54. Ra8+ Kb7 55. Rh8 Ka6 56. Rxh7 Kxa5 57. Rf7 Ne3+ 58. Kf3 Nxd5 59.
Rd7 g5 60. fxg5 1-0

[Event "XI Torneo Leonardo di Bona Magistrale"]
[Site "Cutro ITA"]
[Date "2005.04.23"]
[Round "1"]
[White "Cetkovic, Sergio"]
[Black "Georgiev, Krum I."]
[Result "0-1"]
[WhiteElo "2121"]
[BlackElo "2457"]
[PlyCount "45"]
[EventDate "2005.04.23"]

1. d4 Nf6 2. Nf3 g6 3. Bg5 Bg7 4. Nbd2 O-O 5. e4 c5 6. c3 cxd4 7. cxd4 d5 8. e5
Ne4 9. Be3 Nc6 10. Be2 Qb6 11. Qb3 Qxb3 12. Nxb3 Nb4 13. Kd1 Bd7 14. Nc5 Nxc5
15. dxc5 Nc6 16. Bf4 f6 17. exf6 Bxf6 18. Bh6 Rfc8 19. Rc1 Bf5 20. b3 Nb4 21.
a3 Na2 22. Kd2 Nxc1 23. Rxc1 0-1

[Event "XI Torneo Leonardo di Bona Magistrale"]
[Site "Cutro ITA"]
[Date "2005.04.23"]
[Round "1"]
[White "De Rosa, Mariagrazia"]
[Black "Roeder, Matthias"]
[Result "0-1"]
[WhiteElo "2081"]
[BlackElo "2404"]
[PlyCount "56"]
[EventDate "2005.04.23"]

1. e4 c5 2. Nf3 d6 3. d4 cxd4 4. Nxd4 Nf6 5. Nc3 a6 6. Be2 e5 7. Nb3 Be7 8. a4
O-O 9. O-O Nc6 10. Bg5 Be6 11. Qd2 Rc8 12. Bxf6 Bxf6 13. Nd5 Bg5 14. Qd1 Bxd5
15. exd5 Na5 16. Nd2 Qb6 17. Rb1 Qd4 18. Nf3 Qxd1 19. Rfxd1 Bh6 20. Ne1 Nc4 21.
Nf3 Rfe8 22. c3 g6 23. h4 e4 24. Nd4 Nd2 25. Rbc1 e3 26. f3 Bf4 27. Bd3 Bg3 28.
h5 Re5 0-1

[Event "XI Torneo Leonardo di Bona Magistrale"]
[Site "Cutro ITA"]
[Date "2005.04.23"]
[Round "1"]
[White "Isonzo, David"]
[Black "Parrotta, Daniele"]
[Result "1/2-1/2"]
[WhiteElo "2325"]
[BlackElo "2006"]
[PlyCount "68"]
[EventDate "2005.04.23"]

1. e4 d5 2. exd5 Qxd5 3. Nc3 Qa5 4. d4 c6 5. Bd2 Qc7 6. Nf3 Nf6 7. Bc4 Bg4 8.
h3 Bxf3 9. Qxf3 e6 10. O-O-O Nbd7 11. g4 Nb6 12. Bd3 Bd6 13. Kb1 Nbd5 14. Ne2
Nb4 15. g5 Nfd5 16. c4 Nxd3 17. cxd5 Nb4 18. Bxb4 Bxb4 19. dxe6 O-O 20. Qb3 Bd6
21. Nc3 fxe6 22. Qxe6+ Kh8 23. Ne4 Bf4 24. Rhe1 Rae8 25. Qg4 b6 26. h4 Qf7 27.
h5 Qf5 28. Qg2 Re6 29. f3 Rfe8 30. Rh1 Rd8 31. Ka1 Be3 32. h6 gxh6 33. gxh6 Rg6
34. Qe2 Bxd4 1/2-1/2

[Event "XI Torneo Leonardo di Bona Magistrale"]
[Site "Cutro ITA"]
[Date "2005.04.23"]
[Round "1"]
[White "Kasparov, Sergey"]
[Black "Rinaldi, Francesco Saverio"]
[Result "1-0"]
[WhiteElo "2461"]
[BlackElo "2140"]
[PlyCount "115"]
[EventDate "2005.04.23"]

1. e4 c5 2. Nf3 Nc6 3. Bb5 g6 4. Bxc6 bxc6 5. O-O Bg7 6. Re1 e5 7. c3 Ne7 8. d4
cxd4 9. cxd4 d6 10. dxe5 dxe5 11. Qxd8+ Kxd8 12. Nbd2 f6 13. Nb3 Rb8 14. Be3 a6
15. Red1+ Ke8 16. Nfd2 Be6 17. Nc5 Kf7 18. b3 Ra8 19. Kf1 f5 20. Nxe6 Kxe6 21.
Bc5 Rhd8 22. Ke2 Ng8 23. f3 Nf6 24. Be3 Bf8 25. Rac1 Rac8 26. Rc4 fxe4 27. Nxe4
Rxd1 28. Kxd1 Nxe4 29. fxe4 Kd7 30. Ke2 Rb8 31. Ra4 Ra8 32. h3 Be7 33. Bh6 Ke6
34. Rc4 Rc8 35. Bd2 Kd7 36. Be1 Ke6 37. Bb4 Bd8 38. Rc3 Bb6 39. Bc5 Ba5 40. Rf3
Bc7 41. g4 Rh8 42. Kd3 Rd8+ 43. Kc2 Rh8 44. Kc3 Bd8 45. Kc4 h6 46. Rf8 Rxf8 47.
Bxf8 h5 48. gxh5 gxh5 49. Kc5 Kd7 50. Bg7 Bc7 51. Bf6 a5 52. Bg7 Bd6+ 53. Kb6
Bc7+ 54. Kb7 Bd6 55. Ka6 Bc7 56. a4 Kd6 57. Bf8+ Kd7 58. Bc5 1-0

[Event "XI Torneo Leonardo di Bona Magistrale"]
[Site "Cutro ITA"]
[Date "2005.04.23"]
[Round "1"]
[White "Lacrosse, Marc"]
[Black "Miladinovic, Igor"]
[Result "0-1"]
[WhiteElo "2289"]
[BlackElo "2604"]
[PlyCount "79"]
[EventDate "2005.04.23"]

1. d4 d5 2. c4 Nc6 3. cxd5 Qxd5 4. e3 e5 5. Nc3 Bb4 6. Bd2 Bxc3 7. bxc3 Nf6 8.
c4 Qd6 9. d5 Ne7 10. Qb3 O-O 11. Bb4 c5 12. dxc6 Qc7 13. Qa3 Re8 14. Bd6 Qd8
15. c7 Qd7 16. Rd1 Ng6 17. Be2 Qc6 18. Nf3 b6 19. O-O Bb7 20. c5 Ne4 21. Ba6
bxc5 22. Bxb7 Qxb7 23. Bxc5 Qxc7 24. Bd6 Qc6 25. Bb4 h6 26. Rc1 Qb7 27. Ba5 Ng5
28. Nxg5 hxg5 29. Rc7 Qa6 30. Qb3 Re6 31. Qb7 Qxb7 32. Rxb7 Ra6 33. Rb5 Rc8 34.
a3 g4 35. Bb4 Rac6 36. Rd1 Rc1 37. Rbd5 e4 38. Kf1 Ne5 39. Rd8+ Kh7 40. Rxc8
0-1

[Event "XI Torneo Leonardo di Bona Magistrale"]
[Site "Cutro ITA"]
[Date "2005.04.23"]
[Round "1"]
[White "Marholev, Dimitar"]
[Black "Santurbano, Maria Vincenza"]
[Result "1-0"]
[WhiteElo "2395"]
[BlackElo "2043"]
[PlyCount "55"]
[EventDate "2005.04.23"]

1. e4 c5 2. Nc3 d6 3. Nge2 Nf6 4. d4 cxd4 5. Nxd4 a6 6. Bg5 e6 7. f4 Be7 8. Qe2
Nbd7 9. O-O-O h6 10. Bxf6 Nxf6 11. e5 dxe5 12. Nf5 Qxd1+ 13. Qxd1 exf5 14. fxe5
Ng4 15. Qe1 Bc5 16. Bc4 Ne3 17. Bb3 O-O 18. Nd5 Ng4 19. h3 Nf2 20. Rf1 Ne4 21.
g4 g6 22. Nc7 Ra7 23. e6 b5 24. gxf5 gxf5 25. exf7+ Kh7 26. Ne6 Bxe6 27. Bxe6
Nd6 28. Qe5 1-0

[Event "XI Torneo Leonardo di Bona Magistrale"]
[Site "Cutro ITA"]
[Date "2005.04.23"]
[Round "1"]
[White "Napoli, Nicolo'"]
[Black "Zaja, Ivan"]
[Result "1/2-1/2"]
[WhiteElo "2205"]
[BlackElo "2489"]
[PlyCount "104"]
[EventDate "2005.04.23"]

1. e4 e5 2. Nf3 Nc6 3. d4 exd4 4. Nxd4 Nf6 5. Nxc6 bxc6 6. e5 Qe7 7. Qe2 Nd5 8.
c4 Nb6 9. b3 Bb7 10. Bb2 O-O-O 11. a4 Qb4+ 12. Nd2 d5 13. Qf3 f6 14. a5 Nd7 15.
a6 Ba8 16. exf6 gxf6 17. Be2 Bh6 18. Bc3 Qd6 19. O-O Bf4 20. Qh3 d4 21. Ba5 Kb8
22. Ne4 Qe5 23. Bf3 f5 24. Ng3 Bxg3 25. hxg3 Nc5 26. Rfe1 Qf6 27. Bb4 Ne4 28.
Ra5 Ng5 29. Qxf5 Nxf3+ 30. gxf3 Qxf5 31. Rxf5 c5 32. Bxc5 d3 33. Be3 Rhf8 34.
Rxf8 Rxf8 35. Rd1 Rd8 36. Kg2 h5 37. b4 Bc6 38. b5 Be8 39. Bg5 Rd7 40. Re1 Bf7
41. c5 d2 42. Rd1 Bc4 43. b6 axb6 44. cxb6 cxb6 45. Rxd2 Rxd2 46. Bxd2 Bxa6 47.
g4 Kc8 48. gxh5 Kd7 49. Kg3 Ke6 50. Kg4 Bd3 51. Kg5 b5 52. Kh6 Kf7 1/2-1/2

[Event "XI Torneo Leonardo di Bona Magistrale"]
[Site "Cutro ITA"]
[Date "2005.04.23"]
[Round "1"]
[White "Ninov, Nikolai Ivanov"]
[Black "Van Hoolandt, Patrick"]
[Result "1-0"]
[WhiteElo "2486"]
[BlackElo "2181"]
[PlyCount "69"]
[EventDate "2005.04.23"]

1. e4 e5 2. Nf3 Nc6 3. Bb5 Nf6 4. O-O Nxe4 5. d4 Nd6 6. Bxc6 dxc6 7. dxe5 Nf5
8. Qxd8+ Kxd8 9. Nc3 Ne7 10. Bf4 Ng6 11. Rad1+ Ke8 12. Bg3 Bg4 13. Rd3 Bf5 14.
Rd2 Bb4 15. Nd4 Bd7 16. e6 fxe6 17. Re1 Ba5 18. Nb3 Bb6 19. Na4 Ke7 20. c4 a6
21. c5 Ba7 22. Bxc7 Rhc8 23. Bd6+ Ke8 24. Na5 Ne7 25. Nxb7 Nd5 26. Na5 Kf7 27.
Nc4 Be8 28. Nab6 Rd8 29. Nxa8 Rxa8 30. Rd3 Nf6 31. Rb3 Nd7 32. Rb7 Kf6 33. Nb6
Bxb6 34. cxb6 e5 35. Rxd7 1-0

[Event "XI Torneo Leonardo di Bona Magistrale"]
[Site "Cutro ITA"]
[Date "2005.04.23"]
[Round "1"]
[White "Panarello, Giuseppe"]
[Black "Mrdja, Milan"]
[Result "0-1"]
[WhiteElo "2006"]
[BlackElo "2373"]
[PlyCount "116"]
[EventDate "2005.04.23"]

1. d4 Nf6 2. Nf3 g6 3. c4 c5 4. d5 Bg7 5. Nc3 O-O 6. e4 d6 7. h3 e6 8. Be3 exd5
9. exd5 Re8 10. Bd3 Bf5 11. Bxf5 gxf5 12. O-O Ne4 13. Rc1 Nd7 14. Bf4 Nxc3 15.
bxc3 Ne5 16. Re1 Qd7 17. Nxe5 dxe5 18. Bg5 f6 19. Bh4 Qf7 20. Qf3 f4 21. g4
Rad8 22. Qe4 Rd6 23. f3 Ra6 24. Re2 Qg6 25. Qxg6 hxg6 26. Rb1 b6 27. Rd1 Kf7
28. d6 Ke6 29. d7 Rd8 30. Red2 g5 31. Rd6+ Ke7 32. Bf2 Rxa2 33. h4 gxh4 34.
Bxh4 Ra1 35. Rxa1 Kxd6 36. Rxa7 Rxd7 37. Rxd7+ Kxd7 38. Kf1 Ke6 39. Ke2 f5 40.
gxf5+ Kxf5 41. Bd8 e4 42. fxe4+ Kxe4 43. Bxb6 Bf8 44. Bc7 Be7 45. Bb8 f3+ 46.
Kf2 Bh4+ 47. Kf1 Kd3 48. Be5 Kxc4 49. Bg7 Kd3 50. Bh8 c4 51. Bd4 Bg3 52. Bf6
Ke4 53. Be7 Be5 54. Bb4 Kd3 55. Kf2 Bxc3 56. Ba3 Ke4 57. Bc1 Bd4+ 58. Ke1 c3
0-1

[Event "XI Torneo Leonardo di Bona Magistrale"]
[Site "Cutro ITA"]
[Date "2005.04.23"]
[Round "1"]
[White "Rizzo, Giovanbattista"]
[Black "Ivanov, Mikhail M."]
[Result "0-1"]
[WhiteElo "2088"]
[BlackElo "2418"]
[PlyCount "50"]
[EventDate "2005.04.23"]

1. d4 Nf6 2. c4 c5 3. d5 e5 4. Nc3 d6 5. e4 a6 6. Bd3 Be7 7. h3 Nbd7 8. g4 h6
9. Nf3 Nf8 10. Rb1 N6h7 11. Bc2 Ng6 12. a3 Ng5 13. b4 cxb4 14. axb4 Qc7 15.
Nxg5 Qxc4 16. Nb5 axb5 17. Nf3 Bd7 18. Bd3 Qc3+ 19. Qd2 Qxd2+ 20. Bxd2 Ra3 21.
Ke2 Ra2 22. Ra1 Nf4+ 23. Ke3 Rxa1 24. Rxa1 Bd8 25. Ne1 h5 0-1

[Event "XI Torneo Leonardo di Bona Magistrale"]
[Site "Cutro ITA"]
[Date "2005.04.23"]
[Round "1"]
[White "Scerbo, Antonio"]
[Black "Velikov, Petar V."]
[Result "0-1"]
[WhiteElo "2097"]
[BlackElo "2427"]
[PlyCount "64"]
[EventDate "2005.04.23"]

1. d4 d5 2. Nf3 Nf6 3. c4 dxc4 4. Nc3 c6 5. a4 Bf5 6. e3 e6 7. Bxc4 Bb4 8. O-O
O-O 9. Qb3 Qe7 10. Ne5 a5 11. f3 c5 12. e4 cxd4 13. Nb5 Bg6 14. Nxd4 Nbd7 15.
Nxd7 Nxd7 16. Be3 Nc5 17. Qa2 Rfd8 18. Rfd1 h5 19. Rac1 Rac8 20. Kh1 Qf6 21.
Nc2 Rxd1+ 22. Rxd1 Rd8 23. Rxd8+ Qxd8 24. Be2 Qd6 25. Nxb4 axb4 26. h3 Kh7 27.
a5 f5 28. Qc4 Na6 29. Bd3 fxe4 30. Bxe4 Qd7 31. Bxg6+ Kxg6 32. Qb5 Qxb5 0-1

[Event "XI Torneo Leonardo di Bona Magistrale"]
[Site "Cutro ITA"]
[Date "2005.04.24"]
[Round "2"]
[White "Abatino, Maurizio"]
[Black "Rizzo, Giovanbattista"]
[Result "1/2-1/2"]
[WhiteElo "2214"]
[BlackElo "2088"]
[PlyCount "112"]
[EventDate "2005.04.23"]

1. d4 Nf6 2. c4 e6 3. Nc3 Bb4 4. e3 O-O 5. Bd3 d5 6. Nf3 c5 7. O-O Nc6 8. a3
Bxc3 9. bxc3 Qc7 10. Qc2 Na5 11. Ne5 dxc4 12. Nxc4 Nxc4 13. Bxc4 cxd4 14. cxd4
Ng4 15. g3 b6 16. Qe2 Bb7 17. f3 Rac8 18. Bd3 Nf6 19. Bb2 Qd7 20. e4 Rc7 21.
Rad1 Qe7 22. Rd2 Rfc8 23. Qg2 a6 24. Qh3 h6 25. Rg2 b5 26. g4 Rc3 27. Rd1 Rb3
28. Rgd2 Nh7 29. Qg3 Qc7 30. Qxc7 Rxc7 31. Kf2 b4 32. axb4 Rxb4 33. Ra1 Rb6 34.
Ba3 Nf6 35. Ke2 Nd7 36. Be7 Rc3 37. Bd8 Rbb3 38. Ba5 Rc8 39. Rda2 Nb8 40. Bd2
Rc6 41. Bc2 Rbb6 42. Ba4 Rc8 43. Be3 Rb4 44. Rc2 Rxc2+ 45. Bxc2 Bc6 46. Rb1
Rxb1 47. Bxb1 Kf8 48. Bf4 Nd7 49. Bc7 Nf6 50. Ke3 Ke7 51. Ba5 h5 52. g5 Ne8 53.
Ba2 Nd6 54. Bb4 Kd7 55. Kf4 Bb5 56. d5 Nc4 1/2-1/2

[Event "XI Torneo Leonardo di Bona Magistrale"]
[Site "Cutro ITA"]
[Date "2005.04.24"]
[Round "2"]
[White "Brancaleoni, Maurizio"]
[Black "Zaja, Ivan"]
[Result "0-1"]
[WhiteElo "2296"]
[BlackElo "2489"]
[PlyCount "46"]
[EventDate "2005.04.23"]

1. c4 b6 2. d4 e6 3. e4 Bb7 4. Nc3 Bb4 5. f3 f5 6. exf5 Nh6 7. fxe6 O-O 8. Nh3
Qh4+ 9. g3 Qf6 10. Ng5 dxe6 11. Bd3 Nf5 12. Bxf5 Qxf5 13. O-O Nc6 14. Nxe6 Bxc3
15. bxc3 Qxe6 16. d5 Qf5 17. dxc6 Bxc6 18. Bf4 Rad8 19. Qe1 Rde8 20. Qd2 Rd8
21. Qe1 Rfe8 22. Rd1 Rxe1 23. Rxd8+ Re8 0-1

[Event "XI Torneo Leonardo di Bona Magistrale"]
[Site "Cutro ITA"]
[Date "2005.04.24"]
[Round "2"]
[White "Cordi', Domenico"]
[Black "Parrella, Alfredo"]
[Result "1-0"]
[WhiteElo "2084"]
[BlackElo "2176"]
[PlyCount "123"]
[EventDate "2005.04.23"]

1. e4 c5 2. Nf3 a6 3. d4 cxd4 4. Nxd4 e5 5. Nf3 Nf6 6. Bc4 Be7 7. O-O Nc6 8.
Nc3 O-O 9. Bg5 d6 10. h3 Be6 11. Bb3 Ne8 12. Bxe7 Qxe7 13. Nd5 Bxd5 14. Bxd5
Nc7 15. c3 Nxd5 16. Qxd5 Rad8 17. Rad1 Kh8 18. Rd3 f5 19. exf5 Rxf5 20. Nd2 Qc7
21. Ne4 Ne7 22. Qe6 d5 23. Rfd1 Rdf8 24. R1d2 h6 25. Qd6 Qc4 26. Ng3 R5f7 27.
Qxe5 Qxa2 28. Qe1 Qc4 29. Rd4 Qc6 30. Nf1 Re8 31. Re2 Qc5 32. Ne3 Ref8 33. Qd2
Kg8 34. Nxd5 Nxd5 35. Rxd5 Qc7 36. Qe1 Qf4 37. Rd4 Qf5 38. Rde4 Kh7 39. Re8
Rxe8 40. Rxe8 Rd7 41. Qe4 Rd1+ 42. Kh2 Qxe4 43. Rxe4 Rd2 44. Rb4 b5 45. Kg3 Kg6
46. Kf3 Kf5 47. Ke3 Rc2 48. h4 g5 49. g4+ Ke5 50. h5 Kd5 51. Rd4+ Ke5 52. Rb4
Kd5 53. f4 gxf4+ 54. Kxf4 Rh2 55. Kf5 Kc5 56. Kg6 a5 57. Rf4 Rxb2 58. Kxh6 a4
59. g5 a3 60. Rf1 a2 61. Ra1 Kc4 62. g6 1-0

[Event "XI Torneo Leonardo di Bona Magistrale"]
[Site "Cutro ITA"]
[Date "2005.04.24"]
[Round "2"]
[White "Drasko, Milan"]
[Black "Bratanov, Zsivko"]
[Result "1-0"]
[WhiteElo "2510"]
[BlackElo "2423"]
[PlyCount "73"]
[EventDate "2005.04.23"]

1. Nf3 Nf6 2. g3 d5 3. Bg2 c6 4. O-O Bg4 5. d3 Nbd7 6. c4 dxc4 7. dxc4 e5 8.
Nc3 Qc7 9. Qc2 Bh5 10. Nh4 Bg6 11. Nxg6 hxg6 12. Rb1 a5 13. a3 Nb6 14. b4 axb4
15. axb4 Nxc4 16. b5 Rc8 17. bxc6 bxc6 18. Na4 Na3 19. Bxa3 Bxa3 20. Nb6 Rb8
21. Nc4 Rxb1 22. Rxb1 Be7 23. Qb2 e4 24. Qb8+ Qxb8 25. Rxb8+ Bd8 26. Nd6+ Ke7
27. Nxe4 Nd5 28. Rb7+ Ke6 29. Nc5+ Kd6 30. Ne4+ Ke6 31. Nc5+ Kd6 32. Nd3 Nc3
33. e4 Bf6 34. Rxf7 Ra8 35. Bh3 c5 36. e5+ Bxe5 37. Rd7+ 1-0